书目信息 |
| 题名: |
弹石路面设计施工技术指南
|
|
| 作者: | 黄晓敏 主编 | |
| 分册: | ||
| 出版信息: | 北京 人民交通出版社 2008.09 |
|
| 页数: | 95页 | |
| 开本: | 23cm | |
| 丛书名: | ||
| 单 册: | ||
| 中图分类: | U416.215 | |
| 科图分类: | ||
| 主题词: | 石料路面--shi liao lu mian--结构设计--指南 , 石料路面--shi liao lu mian--工程施工--指南 | |
| 电子资源: | ||
| ISBN: | 978-7-114-07284-0 | |
| 000 | 01009nam0 2200253 450 | |
| 001 | 012009052703 | |
| 005 | 20090918142819.96 | |
| 010 | @a978-7-114-07284-0@dCNY16.00 | |
| 100 | @a20090918d2008 em y0chiy0120 ea | |
| 101 | 0 | @achi |
| 102 | @aCN@b110000 | |
| 105 | @aa a 000yy | |
| 106 | @ar | |
| 200 | 1 | @a弹石路面设计施工技术指南@Adan shi lu mian she ji shi gong ji shu zhi nan@f黄晓敏主编@Fhuang xiao min zhu bian |
| 210 | @a北京@c人民交通出版社@d2008.09 | |
| 215 | @a95页@c图@d23cm | |
| 320 | @a有书目 (第94-95页) | |
| 330 | @a本书以弹石路面(块体路面)的设计、施工和养护方法为主要内容,以云南省的传统弹石路、整齐块体弹石路为基础,结合具体的工程项目实例,详细叙述了弹石路的设计方法和施工养护技术,以及弹石路的相关技术标准和检验评定指标。 | |
| 606 | 0 | @a石料路面@Ashi liao lu mian@x结构设计@j指南 |
| 606 | 0 | @a石料路面@Ashi liao lu mian@x工程施工@j指南 |
| 690 | @aU416.215@v4 | |
| 701 | 0 | @a黄晓敏@Ahuang xiao min@4主编 |
| 801 | 0 | @aCN@bQSSK@c20090918 |
| 905 | @b755683-85@dU416.215@eH904@f3 | |
| 弹石路面设计施工技术指南/黄晓敏主编.-北京:人民交通出版社,2008.09 |
| 95页:图;23cm |
| ISBN 978-7-114-07284-0:CNY16.00 |
| 本书以弹石路面(块体路面)的设计、施工和养护方法为主要内容,以云南省的传统弹石路、整齐块体弹石路为基础,结合具体的工程项目实例,详细叙述了弹石路的设计方法和施工养护技术,以及弹石路的相关技术标准和检验评定指标。 |
| ● |
| 相关链接 |
|
|
|
正题名:弹石路面设计施工技术指南
索取号:U416.215/H904
 
预约/预借
| 序号 | 登录号 | 条形码 | 馆藏地/架位号 | 状态 | 备注 |
| 1 | 755683 | 207556839 | 土木与交通工程学院资料室/土木与交通学院资料室 1排1列1层/ [索取号:U416.215/H904] | 在馆 | |
| 2 | 755684 | 207556848 | 土木与交通工程学院资料室/土木与交通学院资料室 1排1列1层/ [索取号:U416.215/H904] | 在馆 | |
| 3 | 755685 | 207556857 | 自科库501/501自科库 53排2列4层/ [索取号:U416.215/H904] | 在馆 |